Grundwissen Jägerprüfung <Das> Standardwerk zum Jagdschein
Saved in:
| Main Author: | |
|---|---|
| Format: | Book |
| Language: | German |
| Published: |
[Stuttgart]
Kosmos
[2020]
|
| Edition: | aktualisierte und erweiterte Neuausgabe |
| Subjects: | |
| Tags: |
No Tags, Be the first to tag this record!
|
MARC
| LEADER | 00000nam a2200000 4500 | ||
|---|---|---|---|
| 001 | 0267938 | ||
| 005 | 20240221114056.1 | ||
| 020 | |a 978-3-440-15468-7 | ||
| 041 | 0 | |a ger | |
| 044 | |a DE | ||
| 245 | 1 | 0 | |a Grundwissen Jägerprüfung |b <Das> Standardwerk zum Jagdschein |c Siegfried Seibt |
| 250 | |a aktualisierte und erweiterte Neuausgabe | ||
| 264 | 1 | |a [Stuttgart] |b Kosmos |c [2020] | |
| 300 | |a 563 s. | ||
| 610 | 2 | 0 | |a poľovníctvo |
| 610 | 2 | 0 | |a vzdelávanie |
| 610 | 2 | 0 | |a výchova |
| 610 | 2 | 0 | |a zákony |
| 610 | 2 | 0 | |a ochrana prostredia životného |
| 610 | 2 | 0 | |a ochrana lesa |
| 610 | 2 | 0 | |a zvieratá |
| 610 | 2 | 0 | |a štýl životný |
| 610 | 2 | 0 | |a ochrana právna |
| 610 | 2 | 0 | |a povolenia pracovné |
| 610 | 2 | 0 | |a skúšky schopnosti |
| 100 | 1 | |a Seibt, Siegfried | |